Central Library OPAC University of Rajshahi

Vocabularium bibliothecarii : (Record no. 800)

MARC details
000 -LEADER
fixed length control field 01014cam a22003011 4500
001 - CONTROL NUMBER
control field 800
003 - CONTROL NUMBER IDENTIFIER
rucl marc code BD-RjUL
005 - DATE AND TIME OF LATEST TRANSACTION
control field 20211208233231.0
008 - FIXED-LENGTH DATA ELEMENTS--GENERAL INFORMATION
fixed length control field 131123s1953 xx 000 0 eng d
035 ## - SYSTEM CONTROL NUMBER
System control number (BD-RjUL)820
System control number (OCoLC)2892546
040 ## - CATALOGING SOURCE
Original cataloging agency DLC
Transcribing agency ODa
Modifying agency OCoLC
-- DNLM
-- DLC
Language of cataloging eng
041 0# - LANGUAGE CODE
Language code of text/sound track or separate title engfreger
060 0# - NATIONAL LIBRARY OF MEDICINE CALL NUMBER
Classification number Z 1006
Item number L547v 1953
082 ## - DEWEY DECIMAL CLASSIFICATION NUMBER
Classification number 020.3
Edition number 21
Author mark and year THV 1953
100 1# - MAIN ENTRY--PERSONAL NAME
Personal name Thompson, Anthony.
9 (RLIN) 2391
245 10 - TITLE STATEMENT
Title Vocabularium bibliothecarii :
Remainder of title English, French, German; begun by Henri Lemaître /
Statement of responsibility, etc. Anthony Thompson
250 ## - EDITION STATEMENT
Edition statement rev. and enl. by Anthony Thompson.
260 ## - PUBLICATION, DISTRIBUTION, ETC. (IMPRINT)
Place of publication, distribution, etc. Paris :
Name of publisher, distributor, etc. UNESCO,
Date of publication, distribution, etc. 1953.
300 ## - PHYSICAL DESCRIPTION
Pagination 296 p. ;
Size 21 cm.
490 1# - SERIES STATEMENT
Series statement UNESCO bibliographical handbooks,
Volume/sequential designation 2
650 #0 - SUBJECT ADDED ENTRY--TOPICAL TERM
Topical term or geographic name as entry element Library science
General subdivision Dictionaries
-- Polyglot.
9 (RLIN) 2392
700 1# - ADDED ENTRY--PERSONAL NAME
Personal name Lemaître, Henri,
Dates associated with a name 1881-1946.
856 ## - ELECTRONIC LOCATION AND ACCESS
Uniform Resource Identifier <a href="http://www.worldcat.org/title/vocabularium-bibliothecarii/oclc/1862959&referer=brief_results">http://www.worldcat.org/title/vocabularium-bibliothecarii/oclc/1862959&referer=brief_results</a>
942 ## - ADDED ENTRY ELEMENTS (KOHA)
Source of classification or shelving scheme Dewey Decimal Classification
Koha item type Books
Holdings
Lost status Source of classification or shelving scheme Damaged status Not for loan Collection code Permanent Location Current Location Shelving location Date acquired Source of acquisition Cost, normal purchase price Total Checkouts Full call number Date last seen Copy number Koha item type
  Dewey Decimal Classification   Not For Loan Non-fiction Central Library, University of Rajshahi Central Library, University of Rajshahi   05/04/1955 F. Sam Dacca 5.12   020.3 THV 1953 23/11/2013 C-1 Books